[Event "OEISM 0818 BLMM"]
[Site "austriablmm"]
[Date "2020.12.12"]
[Round "6"]
[White "Famol"]
[Black "Zauberbiene"]
[Result "0-1"]
[WhiteElo "1627"]
[BlackElo "1433"]
[Annotator "NA RC"]
[PlyCount "132"]
[EventDate "2020.12.12"]
[EventType "blitz"]

1. e4 {[%emt 0:00:05]} e5 {[%emt 0:00:02]} 2. Nf3 {[%emt 0:00:03]} Nc6 {[%emt 0:00:01]} 3. Bc4 {[%emt 0:00:06]} Nf6 {[%emt 0:00:08]} 4. Nc3 {[%emt 0:00:01]} Bc5 {[%emt 0:00:06]} 5. d3 {[%emt 0:00:02]} d6 {[%emt 0:00:04]} 6. Bg5 {[%emt 0:00:03]} a6 {[%emt 0:00:07]} 7. Nd5 {[%emt 0:00:02]} Be6 {[%emt 0:00:06]} 8. Bxf6 {[%emt 0:00:06]} gxf6 {[%emt 0:00:04]} 9. Qe2 {[%emt 0:00:02]} Nd4 {[%emt 0:00:15]} 10. Nxd4 {[%emt 0:00:09]} exd4 {[%emt 0:00:02]} 11. Bb3 {[%emt 0:00:12]} Qd7 {[%emt 0:00:17]} 12. Qf3 {[%emt 0:00:03]} O-O-O {[%emt 0:00:11]} 13. Nxf6 {[%emt 0:00:07]} Qe7 {[%emt 0:00:16]} 14. Nd5 {[%emt 0:00:12]} Bxd5 {[%emt 0:00:06]} 15. Bxd5 {[%emt 0:00:01]} Bb4+ {[%emt 0:00:11]} 16. Ke2 {[%emt 0:00:06]} Rhg8 {[%emt 0:00:24]} 17. g3 {[%emt 0:00:15]} Qd7 {[%emt 0:00:48]} 18. Qxf7 {[%emt 0:00:16]} Qxf7 {[%emt 0:00:03]} 19. Bxf7 {[%emt 0:00:02]} Rg5 {[%emt 0:00:07]} 20. f4 {[%emt 0:00:06]} Rb5 {[%emt 0:00:09]} 21. a3 {[%emt 0:00:14]} Bc5 {[%emt 0:00:08]} 22. Bc4 {[%emt 0:00:08]} Rxb2 {[%emt 0:00:05]} 23. Kd2 {[%emt 0:00:06]} Bb6 {[%emt 0:00:09]} 24. f5 {[%emt 0:00:03]} Ba5+ {[%emt 0:00:03]} 25. Kc1 {[%emt 0:00:04]} Rb6 {[%emt 0:00:11]} 26. f6 {[%emt 0:00:07]} d5 {[%emt 0:00:10]} 27. Bxd5 {[%emt 0:00:01]} Rxf6 {[%emt 0:00:03]} 28. Rb1 {[%emt 0:00:02]} b6 {[%emt 0:00:07]} 29. Kd1 {[%emt 0:00:05]} Rdf8 {[%emt 0:00:05]} 30. Kc1 {[%emt 0:00:21]} Rf1+ {[%emt 0:00:13]} 31. Kb2 {[%emt 0:00:03]} Bc3+ {[%emt 0:00:10]} 32. Kb3 {[%emt 0:00:02]} R1f2 {[%emt 0:00:15]} 33. Be6+ {[%emt 0:00:14]} Kb8 {[%emt 0:00:06]} 34. Bf5 {[%emt 0:00:01]} Rd2 {[%emt 0:00:10]} 35. Rbd1 {[%emt 0:00:06]} Rd8 {[%emt 0:00:16]} 36. Rxd2 {[%emt 0:00:06]} Bxd2 {[%emt 0:00:03]} 37. Bxh7 {[%emt 0:00:02]} c5 {[%emt 0:00:13]} 38. Bf5 {[%emt 0:00:07]} Ka7 {[%emt 0:00:03]} 39. g4 {[%emt 0:00:02]} Rh8 {[%emt 0:00:10]} 40. h4 {[%emt 0:00:11]} a5 {[%emt 0:00:21]} 41. h5 {[%emt 0:00:03]} Ka6 {[%emt 0:00:11]} 42. e5 {[%emt 0:00:08]} Ka7 {[%emt 0:00:05]} 43. e6 {[%emt 0:00:01]} Bg5 {[%emt 0:00:17]} 44. Re1 {[%emt 0:00:06]} Re8 {[%emt 0:00:07]} 45. Bg6 {[%emt 0:00:03]} Re7 {[%emt 0:00:02]} 46. Bf5 {[%emt 0:00:30]} b5 {[%emt 0:00:04]} 47. Rh1 {[%emt 0:00:02]} Re8 {[%emt 0:00:31]} 48. h6 {[%emt 0:00:03]} Rh8 {[%emt 0:00:02]} 49. h7 {[%emt 0:00:02]} Bf6 {[%emt 0:00:06]} 50. Rg1 {[%emt 0:00:06]} Bg5 {[%emt 0:00:04]} 51. Rh1 {[%emt 0:00:01]} Bf6 {[%emt 0:00:13]} 52. Rh5 {[%emt 0:00:01]} Kb6 {[%emt 0:00:16]} 53. g5 {[%emt 0:00:02]} Bg7 {[%emt 0:00:08]} 54. e7 {[%emt 0:00:12]} Re8 {[%emt 0:00:11]} 55. Be6 {[%emt 0:00:32]} Rxe7 {[%emt 0:00:13]} 56. Bg8 {[%emt 0:00:01]} Re5 {[%emt 0:00:21]} 57. h8=Q {[%emt 0:01:50]} Bxh8 {[%emt 0:00:04]} 58. Rxh8 {[%emt 0:00:01]} Rxg5 {[%emt 0:00:02]} 59. Bh7 {[%emt 0:00:01]} Rh5 {[%emt 0:00:04]} 60. Rb8+ {[%emt 0:00:34]} Kc7 {[%emt 0:00:04]} 61. Rxb5 {[%emt 0:00:01]} Rxh7 {[%emt 0:00:05]} 62. Rxa5 {[%emt 0:00:20]} Kc6 {[%emt 0:00:04]} 63. Ra6+ {[%emt 0:00:10]} Kb5 {[%emt 0:00:05]} 64. Ra8 {[%emt 0:00:07]} Rb7 {[%emt 0:00:16]} 65. a4+ {[%emt 0:00:15]} Kc6+ {[%emt 0:00:10]} 66. Kc4 {[%emt 0:00:01]} Rb4# {[%emt 0:00:07] Mate Mate} 0-1

[Event "OEISM 0818 BLMM"]
[Site "austriablmm"]
[Date "2020.12.12"]
[Round "6"]
[White "Cachri"]
[Black "Mostinchen"]
[Result "1-0"]
[WhiteElo "1598"]
[BlackElo "1488"]
[Annotator "NA RC"]
[PlyCount "63"]
[EventDate "2020.12.12"]
[EventType "blitz"]

1. d4 {[%emt 0:00:02]} e5 {[%emt 0:00:02]} 2. dxe5 {[%emt 0:00:02]} Nc6 {[%emt 0:00:01]} 3. Nf3 {[%emt 0:00:01]} Qe7 {[%emt 0:00:01]} 4. Bg5 {[%emt 0:00:06]} Qb4+ {[%emt 0:00:10]} 5. Bd2 {[%emt 0:00:02]} Qxb2 {[%emt 0:00:01]} 6. Nc3 {[%emt 0:00:02]} Bb4 {[%emt 0:00:06]} 7. Rb1 {[%emt 0:00:02]} Qa3 {[%emt 0:00:04]} 8. Nd5 {[%emt 0:00:21]} Ba5 {[%emt 0:00:45]} 9. Rb5 {[%emt 0:00:11]} Bb6 {[%emt 0:00:10]} 10. Rxb6 {[%emt 0:00:03]} axb6 {[%emt 0:00:03]} 11. Nxc7+ {[%emt 0:00:01]} Kd8 {[%emt 0:00:05]} 12. Nxa8 {[%emt 0:00:08]} Qxa8 {[%emt 0:00:02]} 13. Qb1 {[%emt 0:00:22]} Qa7 {[%emt 0:00:25]} 14. e4 {[%emt 0:00:20]} Nge7 {[%emt 0:00:04]} 15. Be2 {[%emt 0:00:24]} Re8 {[%emt 0:00:16]} 16. O-O {[%emt 0:01:28]} Ng6 {[%emt 0:00:12]} 17. Be3 {[%emt 0:01:15]} Qa4 {[%emt 0:00:48]} 18. Qxb6+ {[%emt 0:00:12]} Ke7 {[%emt 0:00:03]} 19. Qc5+ {[%emt 0:00:12]} Kd8 {[%emt 0:00:19]} 20. Qd6 {[%emt 0:00:17]} Re6 {[%emt 0:00:35]} 21. Bb6+ {[%emt 0:00:10]} Ke8 {[%emt 0:00:02]} 22. Qc7 {[%emt 0:00:19]} Nge7 {[%emt 0:00:18]} 23. Nd4 {[%emt 0:00:30]} Rxe5 {[%emt 0:00:36]} 24. Nxc6 {[%emt 0:00:07]} Nxc6 {[%emt 0:00:10]} 25. Qxc8+ {[%emt 0:00:07]} Ke7 {[%emt 0:00:03]} 26. Rd1 {[%emt 0:00:21]} g6 {[%emt 0:01:02]} 27. Rxd7+ {[%emt 0:00:18]} Kf6 {[%emt 0:00:03]} 28. Qh8+ {[%emt 0:01:45]} Ke6 {[%emt 0:00:07]} 29. Qe8+ {[%emt 0:00:08]} Kf6 {[%emt 0:00:06]} 30. Qxf7+ {[%emt 0:00:02]} Kg5 {[%emt 0:00:07]} 31. Be3+ {[%emt 0:00:21]} Kh4 {[%emt 0:00:18]} 32. Qf4# {[%emt 0:00:09] Mate Mate} 1-0

[Event "OEISM 0818 BLMM"]
[Site "austriablmm"]
[Date "2020.12.12"]
[Round "6"]
[White "gritschb"]
[Black "BORRMANN"]
[Result "0-1"]
[WhiteElo "1531"]
[BlackElo "1986"]
[Annotator "RC"]
[PlyCount "82"]
[EventDate "2020.12.12"]
[EventType "blitz"]

1. e4 {[%emt 0:00:06]} c5 {[%emt 0:00:01]} 2. Nf3 {[%emt 0:00:02]} Nc6 {[%emt 0:00:01]} 3. d4 {[%emt 0:00:01]} cxd4 {[%emt 0:00:00]} 4. Nxd4 {[%emt 0:00:01]} Qa5+ {[%emt 0:00:01]} 5. Nc3 {[%emt 0:00:10]} Nf6 {[%emt 0:00:02]} 6. f3 {[%emt 0:00:04]} e6 {[%emt 0:00:23]} 7. Nb3 {[%emt 0:00:02]} Qc7 {[%emt 0:00:04]} 8. a3 {[%emt 0:00:08]} a6 {[%emt 0:00:05]} 9. Be2 {[%emt 0:00:02]} b5 {[%emt 0:00:23]} 10. Be3 {[%emt 0:00:10]} Bb7 {[%emt 0:00:05]} 11. O-O {[%emt 0:00:02]} Be7 {[%emt 0:00:12]} 12. Qd2 {[%emt 0:00:13]} O-O {[%emt 0:00:03]} 13. Rad1 {[%emt 0:00:07]} Rfd8 {[%emt 0:00:03]} 14. Nc5 {[%emt 0:00:54]} Ne5 {[%emt 0:00:58]} 15. Nxb7 {[%emt 0:00:06]} Qxb7 {[%emt 0:00:00]} 16. f4 {[%emt 0:00:12]} Nc4 {[%emt 0:00:49]} 17. Bxc4 {[%emt 0:00:05]} bxc4 {[%emt 0:00:00]} 18. e5 {[%emt 0:00:08]} Ng4 {[%emt 0:00:46]} 19. Rb1 {[%emt 0:00:41]} Rac8 {[%emt 0:00:41]} 20. Kh1 {[%emt 0:00:10]} f6 {[%emt 0:00:55]} 21. h3 {[%emt 0:01:42]} Nh6 {[%emt 0:00:21]} 22. Bd4 {[%emt 0:01:01]} Nf5 {[%emt 0:00:25]} 23. exf6 {[%emt 0:00:13]} Ng3+ {[%emt 0:00:13]} 24. Kh2 {[%emt 0:00:16]} Nxf1+ {[%emt 0:00:04]} 25. Rxf1 {[%emt 0:00:02]} Bxf6 {[%emt 0:00:48]} 26. Bxf6 {[%emt 0:00:05]} gxf6 {[%emt 0:00:00]} 27. f5 {[%emt 0:00:17]} d5 {[%emt 0:00:26]} 28. fxe6 {[%emt 0:00:05]} d4 {[%emt 0:00:04]} 29. Nd1 {[%emt 0:00:36]} Qe7 {[%emt 0:00:17]} 30. Qh6 {[%emt 0:00:16]} Rf8 {[%emt 0:00:27]} 31. Rf3 {[%emt 0:00:14]} Kh8 {[%emt 0:00:06]} 32. Rf4 {[%emt 0:00:27]} d3 {[%emt 0:00:18]} 33. c3 {[%emt 0:00:12]} Rc6 {[%emt 0:00:17]} 34. Re4 {[%emt 0:00:11]} Rg8 {[%emt 0:00:18]} 35. Qe3 {[%emt 0:00:20]} d2 {[%emt 0:00:33]} 36. Qxd2 {[%emt 0:00:19]} Rxe6 {[%emt 0:00:05]} 37. Rd4 {[%emt 0:00:22]} Re2 {[%emt 0:00:11]} 38. Rd7 {[%emt 0:00:54]} Rxd2 {[%emt 0:00:08]} 39. Rxe7 {[%emt 0:00:01]} Rdxg2+ {[%emt 0:00:01]} 40. Kh1 {[%emt 0:00:03]} Rg1+ {[%emt 0:00:00]} 41. Kh2 {[%emt 0:00:01]} R8g2# {[%emt 0:00:00] Mate Mate} 0-1

[Event "OEISM 0818 BLMM"]
[Site "austriablmm"]
[Date "2020.12.12"]
[Round "6"]
[White "Blacky247"]
[Black "Einhorn2010"]
[Result "1/2-1/2"]
[WhiteElo "1522"]
[BlackElo "1603"]
[Annotator "NA"]
[PlyCount "77"]
[EventDate "2020.12.12"]
[EventType "blitz"]

1. e4 {[%emt 0:00:02]} e5 {[%emt 0:00:02]} 2. d3 {[%emt 0:00:02]} Nf6 {[%emt 0:00:02]} 3. Bg5 {[%emt 0:00:04]} g6 {[%emt 0:00:01]} 4. Nf3 {[%emt 0:00:02]} Bg7 {[%emt 0:00:03]} 5. Nxe5 {[%emt 0:00:06]} d6 {[%emt 0:00:08]} 6. Nf3 {[%emt 0:00:02]} h6 {[%emt 0:00:05]} 7. Bxf6 {[%emt 0:00:05]} Qxf6 {[%emt 0:00:02]} 8. Nc3 {[%emt 0:00:04]} Bg4 {[%emt 0:00:04]} 9. Be2 {[%emt 0:00:02]} Nc6 {[%emt 0:00:03]} 10. O-O {[%emt 0:00:02]} O-O-O {[%emt 0:00:01]} 11. h3 {[%emt 0:00:02]} Be6 {[%emt 0:00:05]} 12. Nd5 {[%emt 0:00:09]} Qxb2 {[%emt 0:00:10]} 13. Qb1 {[%emt 0:00:14]} Qxb1 {[%emt 0:00:07]} 14. Raxb1 {[%emt 0:00:02]} Bxd5 {[%emt 0:00:02]} 15. exd5 {[%emt 0:00:03]} Rde8 {[%emt 0:00:02]} 16. Rbe1 {[%emt 0:00:03]} Nb4 {[%emt 0:00:04]} 17. Bd1 {[%emt 0:00:16]} Nxa2 {[%emt 0:00:06]} 18. Rxe8+ {[%emt 0:00:04]} Rxe8 {[%emt 0:00:05]} 19. c4 {[%emt 0:00:13]} Nc3 {[%emt 0:00:04]} 20. Bc2 {[%emt 0:00:10]} g5 {[%emt 0:00:23]} 21. Re1 {[%emt 0:00:18]} Rxe1+ {[%emt 0:00:09]} 22. Nxe1 {[%emt 0:00:02]} Ne2+ {[%emt 0:00:05]} 23. Kf1 {[%emt 0:00:03]} Nd4 {[%emt 0:00:01]} 24. Bd1 {[%emt 0:00:07]} f5 {[%emt 0:00:08]} 25. g4 {[%emt 0:00:05]} f4 {[%emt 0:00:02]} 26. Nc2 {[%emt 0:00:09]} Nxc2 {[%emt 0:00:03]} 27. Bxc2 {[%emt 0:00:01]} Kd8 {[%emt 0:00:06]} 28. Ba4 {[%emt 0:00:03]} Be5 {[%emt 0:00:10]} 29. Bd1 {[%emt 0:00:10]} Ke7 {[%emt 0:00:05]} 30. Ke2 {[%emt 0:00:03]} Kf6 {[%emt 0:00:09]} 31. Kf3 {[%emt 0:00:03]} Bd4 {[%emt 0:00:04]} 32. Be2 {[%emt 0:00:14]} Ke5 {[%emt 0:00:05]} 33. Bd1 {[%emt 0:00:04]} c6 {[%emt 0:00:03]} 34. dxc6 {[%emt 0:00:08]} bxc6 {[%emt 0:00:02]} 35. Ba4 {[%emt 0:00:04]} c5 {[%emt 0:00:02]} 36. Bc6 {[%emt 0:00:04]} Bc3 {[%emt 0:00:07]} 37. Bb7 {[%emt 0:00:07]} Kd4 {[%emt 0:00:03]} 38. Ke2 {[%emt 0:00:04]} a5 {[%emt 0:00:18]} 39. Bc6 {[%emt 0:00:04] Blacky247 offers a draw} 1/2-1/2

[Event "OEISM 0818 BLMM"]
[Site "austriablmm"]
[Date "2020.12.12"]
[Round "6"]
[White "Uhtred08"]
[Black "Robert_III"]
[Result "0-1"]
[WhiteElo "1489"]
[BlackElo "1591"]
[Annotator "NA"]
[PlyCount "143"]
[EventDate "2020.12.12"]
[EventType "blitz"]

1. e4 {[%emt 0:00:05]} e5 {[%emt 0:00:04]} 2. Nf3 {[%emt 0:00:01]} Nc6 {[%emt 0:00:02]} 3. Nc3 {[%emt 0:00:07]} Nf6 {[%emt 0:00:03]} 4. Bb5 {[%emt 0:00:02]} Bb4 {[%emt 0:00:08]} 5. O-O {[%emt 0:00:02]} d6 {[%emt 0:00:04]} 6. d3 {[%emt 0:00:05]} O-O {[%emt 0:00:03]} 7. Bg5 {[%emt 0:00:02]} Be6 {[%emt 0:00:12]} 8. Qd2 {[%emt 0:00:52]} Nd4 {[%emt 0:00:21]} 9. Bc4 {[%emt 0:00:28]} Bxc4 {[%emt 0:00:18]} 10. dxc4 {[%emt 0:00:05]} Bxc3 {[%emt 0:01:25]} 11. bxc3 {[%emt 0:00:15]} Ne6 {[%emt 0:00:42]} 12. Bh4 {[%emt 0:00:21]} Nxe4 {[%emt 0:00:45]} 13. Qd3 {[%emt 0:01:40]} Nf6 {[%emt 0:00:15]} 14. Rab1 {[%emt 0:00:07]} Nc5 {[%emt 0:00:21]} 15. Qd2 {[%emt 0:00:36]} Qe7 {[%emt 0:00:41]} 16. Rfe1 {[%emt 0:00:21]} Qe6 {[%emt 0:00:09]} 17. Bxf6 {[%emt 0:00:48]} Qxf6 {[%emt 0:00:11]} 18. Qe3 {[%emt 0:00:29]} Qe6 {[%emt 0:00:11]} 19. Nd2 {[%emt 0:00:12]} Qd7 {[%emt 0:00:25]} 20. Red1 {[%emt 0:00:35]} b6 {[%emt 0:00:26]} 21. Nb3 {[%emt 0:00:13]} Nxb3 {[%emt 0:00:48]} 22. cxb3 {[%emt 0:00:04]} f5 {[%emt 0:00:07]} 23. Qxe5 {[%emt 0:00:19]} Rae8 {[%emt 0:00:23]} 24. Qd5+ {[%emt 0:00:42]} Kh8 {[%emt 0:00:02]} 25. Re1 {[%emt 0:00:05]} f4 {[%emt 0:00:18]} 26. Qd2 {[%emt 0:00:35]} f3 {[%emt 0:00:10]} 27. gxf3 {[%emt 0:00:13]} Rxf3 {[%emt 0:00:19]} 28. Rxe8+ {[%emt 0:00:19]} Qxe8 {[%emt 0:00:03]} 29. Re1 {[%emt 0:00:23]} Qf7 {[%emt 0:00:17]} 30. Qe2 {[%emt 0:00:24]} h6 {[%emt 0:00:12]} 31. Qc2 {[%emt 0:00:20]} Kg8 {[%emt 0:00:43]} 32. Re3 {[%emt 0:00:12]} Rf5 {[%emt 0:00:10]} 33. Re8+ {[%emt 0:00:17]} Qxe8 {[%emt 0:00:04]} 34. Qxf5 {[%emt 0:00:02]} Qe7 {[%emt 0:00:20]} 35. Qd5+ {[%emt 0:00:07]} Kh7 {[%emt 0:00:02]} 36. Qd3+ {[%emt 0:00:02]} g6 {[%emt 0:00:03]} 37. Qe3 {[%emt 0:00:03]} Qg5+ {[%emt 0:00:03]} 38. Qxg5 {[%emt 0:00:03]} hxg5 {[%emt 0:00:01]} 39. Kg2 {[%emt 0:00:01]} Kg7 {[%emt 0:00:02]} 40. Kf3 {[%emt 0:00:01]} Kf6 {[%emt 0:00:01]} 41. Ke3 {[%emt 0:00:04]} Ke5 {[%emt 0:00:03]} 42. f3 {[%emt 0:00:02]} c6 {[%emt 0:00:04]} 43. Kd3 {[%emt 0:00:02]} Kf4 {[%emt 0:00:06]} 44. Ke2 {[%emt 0:00:01]} g4 {[%emt 0:00:06]} 45. fxg4 {[%emt 0:00:03]} Kxg4 {[%emt 0:00:01]} 46. Kf2 {[%emt 0:00:00]} Kh3 {[%emt 0:00:02]} 47. Kg1 {[%emt 0:00:02]} g5 {[%emt 0:00:05]} 48. Kh1 {[%emt 0:00:09]} g4 {[%emt 0:00:06]} 49. Kg1 {[%emt 0:00:01]} g3 {[%emt 0:00:01]} 50. hxg3 {[%emt 0:00:04]} Kxg3 {[%emt 0:00:01]} 51. Kf1 {[%emt 0:00:01]} Kf3 {[%emt 0:00:02]} 52. Ke1 {[%emt 0:00:03]} Ke3 {[%emt 0:00:01]} 53. Kd1 {[%emt 0:00:02]} Kd3 {[%emt 0:00:01]} 54. Kc1 {[%emt 0:00:01]} Kxc3 {[%emt 0:00:01]} 55. Kb1 {[%emt 0:00:01]} d5 {[%emt 0:00:01]} 56. cxd5 {[%emt 0:00:06]} cxd5 {[%emt 0:00:02]} 57. Kc1 {[%emt 0:00:01]} d4 {[%emt 0:00:05]} 58. Kb1 {[%emt 0:00:01]} d3 {[%emt 0:00:01]} 59. Kc1 {[%emt 0:00:01]} d2+ {[%emt 0:00:03]} 60. Kd1 {[%emt 0:00:01]} Kb2 {[%emt 0:00:01]} 61. Kxd2 {[%emt 0:00:00]} Kxa2 {[%emt 0:00:01]} 62. Kc3 {[%emt 0:00:00]} a5 {[%emt 0:00:04]} 63. Kc4 {[%emt 0:00:03]} Ka3 {[%emt 0:00:01]} 64. Kc3 {[%emt 0:00:07]} b5 {[%emt 0:00:02]} 65. Kc2 {[%emt 0:00:10]} b4 {[%emt 0:00:02]} 66. Kb1 {[%emt 0:00:02]} Kxb3 {[%emt 0:00:01]} 67. Ka1 {[%emt 0:00:01]} a4 {[%emt 0:00:01]} 68. Kb1 {[%emt 0:00:01]} Kc3 {[%emt 0:00:01]} 69. Kc1 {[%emt 0:00:01]} b3 {[%emt 0:00:02]} 70. Kb1 {[%emt 0:00:01]} b2 {[%emt 0:00:01]} 71. Ka2 {[%emt 0:00:05]} Kc2 {[%emt 0:00:00]} 72. Ka3 {[%emt 0:00:02] Uhtred08 resigns} 0-1

[Event "OEISM 0818 BLMM"]
[Site "austriablmm"]
[Date "2020.12.12"]
[Round "6"]
[White "Derenick2010"]
[Black "Freeclimber"]
[Result "0-1"]
[WhiteElo "1479"]
[BlackElo "1465"]
[Annotator "NA"]
[PlyCount "60"]
[EventDate "2020.12.12"]
[EventType "blitz"]

1. e4 {[%emt 0:00:05]} e5 {[%emt 0:00:02]} 2. Nf3 {[%emt 0:00:02]} Nc6 {[%emt 0:00:02]} 3. Bc4 {[%emt 0:00:02]} Nf6 {[%emt 0:00:04]} 4. c3 {[%emt 0:00:07]} Nxe4 {[%emt 0:00:24]} 5. d4 {[%emt 0:00:10]} exd4 {[%emt 0:00:14]} 6. cxd4 {[%emt 0:00:02]} Nf6 {[%emt 0:00:03]} 7. Bg5 {[%emt 0:00:04]} Bb4+ {[%emt 0:00:11]} 8. Nc3 {[%emt 0:00:03]} O-O {[%emt 0:00:07]} 9. O-O {[%emt 0:00:01]} d6 {[%emt 0:00:04]} 10. Qd3 {[%emt 0:00:11]} Bg4 {[%emt 0:00:26]} 11. Nh4 {[%emt 0:00:16]} g6 {[%emt 0:00:21]} 12. Nxg6 {[%emt 0:00:12]} hxg6 {[%emt 0:00:28]} 13. Qxg6+ {[%emt 0:00:02]} Kh8 {[%emt 0:00:19]} 14. Bxf6+ {[%emt 0:00:06]} Qxf6 {[%emt 0:00:06]} 15. Qxf6+ {[%emt 0:00:01]} Kg8 {[%emt 0:00:05]} 16. Qg5+ {[%emt 0:00:03]} Kh7 {[%emt 0:00:06]} 17. Qh4+ {[%emt 0:00:06]} Kg8 {[%emt 0:00:05]} 18. Qxg4+ {[%emt 0:00:02]} Kh7 {[%emt 0:00:03]} 19. Bd3+ {[%emt 0:00:01]} Kh8 {[%emt 0:00:07]} 20. Qh5+ {[%emt 0:00:03]} Kg7 {[%emt 0:00:07]} 21. Qg6+ {[%emt 0:00:19]} fxg6 {[%emt 0:00:05]} 22. Bxg6 {[%emt 0:00:01]} Kxg6 {[%emt 0:00:03]} 23. Rad1 {[%emt 0:00:12]} Rae8 {[%emt 0:00:10]} 24. Nd5 {[%emt 0:00:11]} Ba5 {[%emt 0:00:25]} 25. Nxc7 {[%emt 0:00:08]} Bxc7 {[%emt 0:00:04]} 26. Rfe1 {[%emt 0:00:04]} Nxd4 {[%emt 0:00:11]} 27. Rxe8 {[%emt 0:00:05]} Rxe8 {[%emt 0:00:03]} 28. h3 {[%emt 0:00:03]} Nc2 {[%emt 0:00:08]} 29. Rc1 {[%emt 0:00:05]} d5 {[%emt 0:00:15]} 30. Rxc2 {[%emt 0:00:02]} Re1# {[%emt 0:00:02] Mate Mate} 0-1

[Event "OEISM 0818 BLMM"]
[Site "austriablmm"]
[Date "2020.12.12"]
[Round "6"]
[White "Luroe12"]
[Black "Widder2010"]
[Result "0-1"]
[WhiteElo "1470"]
[BlackElo "1639"]
[Annotator "NA"]
[PlyCount "114"]
[EventDate "2020.12.12"]
[EventType "blitz"]

1. e4 {[%emt 0:00:06]} g6 {[%emt 0:00:02]} 2. d4 {[%emt 0:00:03]} Bg7 {[%emt 0:00:02]} 3. Nf3 {[%emt 0:00:03]} e6 {[%emt 0:00:02]} 4. Nc3 {[%emt 0:00:03]} Ne7 {[%emt 0:00:02]} 5. Bc4 {[%emt 0:00:04]} d5 {[%emt 0:00:02]} 6. exd5 {[%emt 0:00:03]} exd5 {[%emt 0:00:02]} 7. Bd3 {[%emt 0:00:05]} Bf5 {[%emt 0:00:05]} 8. Bxf5 {[%emt 0:00:04]} Nxf5 {[%emt 0:00:09]} 9. O-O {[%emt 0:00:06]} O-O {[%emt 0:00:02]} 10. Bf4 {[%emt 0:00:07]} c6 {[%emt 0:00:05]} 11. h3 {[%emt 0:00:07]} Nd7 {[%emt 0:00:06]} 12. Bg5 {[%emt 0:00:19]} Qc7 {[%emt 0:00:11]} 13. Re1 {[%emt 0:00:27]} Rfe8 {[%emt 0:00:03]} 14. Rxe8+ {[%emt 0:00:15]} Rxe8 {[%emt 0:00:04]} 15. b4 {[%emt 0:00:21]} Nb6 {[%emt 0:00:12]} 16. a4 {[%emt 0:00:07]} Nc4 {[%emt 0:00:05]} 17. a5 {[%emt 0:00:40]} h6 {[%emt 0:00:16]} 18. Bh4 {[%emt 0:00:18]} Nxh4 {[%emt 0:00:20]} 19. Nxh4 {[%emt 0:00:04]} Qe7 {[%emt 0:00:13]} 20. Nf3 {[%emt 0:00:16]} Qxb4 {[%emt 0:00:11]} 21. Na4 {[%emt 0:00:46]} Qe7 {[%emt 0:00:31]} 22. Qd3 {[%emt 0:00:56]} Qe4 {[%emt 0:00:31]} 23. Qxe4 {[%emt 0:00:14]} Rxe4 {[%emt 0:00:07]} 24. Nc5 {[%emt 0:00:17]} Re7 {[%emt 0:00:09]} 25. c3 {[%emt 0:00:19]} g5 {[%emt 0:00:42]} 26. a6 {[%emt 0:00:55]} b5 {[%emt 0:00:08]} 27. Rd1 {[%emt 0:00:42]} Nb6 {[%emt 0:00:27]} 28. Nb7 {[%emt 0:00:20]} Na4 {[%emt 0:00:13]} 29. Rc1 {[%emt 0:00:28]} Nb6 {[%emt 0:00:19]} 30. Nd6 {[%emt 0:00:21]} Bf8 {[%emt 0:00:39]} 31. Ne5 {[%emt 0:00:30]} Rc7 {[%emt 0:00:29]} 32. Nf5 {[%emt 0:00:29]} Nd7 {[%emt 0:00:23]} 33. Ng4 {[%emt 0:00:16]} Kh7 {[%emt 0:00:28]} 34. Re1 {[%emt 0:00:30]} Kg6 {[%emt 0:00:16]} 35. Ne7+ {[%emt 0:00:10]} Bxe7 {[%emt 0:00:31]} 36. Rxe7 {[%emt 0:00:04]} h5 {[%emt 0:00:49]} 37. Ne5+ {[%emt 0:00:08]} Kf6 {[%emt 0:00:15]} 38. Rxd7 {[%emt 0:00:08]} Rxd7 {[%emt 0:00:12]} 39. Nxd7+ {[%emt 0:00:02]} Ke6 {[%emt 0:00:03]} 40. Nf8+ {[%emt 0:00:02]} Ke7 {[%emt 0:00:12]} 41. Nh7 {[%emt 0:00:03]} f6 {[%emt 0:00:03]} 42. g4 {[%emt 0:00:07]} h4 {[%emt 0:00:27]} 43. Kg2 {[%emt 0:00:12]} Kf7 {[%emt 0:00:04]} 44. f4 {[%emt 0:00:04]} Kg7 {[%emt 0:00:02]} 45. fxg5 {[%emt 0:00:11]} Kxh7 {[%emt 0:00:03]} 46. gxf6 {[%emt 0:00:02]} Kg6 {[%emt 0:00:02]} 47. Kf3 {[%emt 0:00:06]} Kxf6 {[%emt 0:00:03]} 48. Kf4 {[%emt 0:00:01]} Ke6 {[%emt 0:00:15]} 49. g5 {[%emt 0:00:02]} c5 {[%emt 0:00:04]} 50. dxc5 {[%emt 0:00:02]} d4 {[%emt 0:00:02]} 51. cxd4 {[%emt 0:00:03]} b4 {[%emt 0:00:01]} 52. g6 {[%emt 0:00:02]} b3 {[%emt 0:00:03]} 53. g7 {[%emt 0:00:02]} Kf7 {[%emt 0:00:02]} 54. Ke3 {[%emt 0:00:05]} b2 {[%emt 0:00:02]} 55. g8=Q+ {[%emt 0:00:02]} Kxg8 {[%emt 0:00:02]} 56. c6 {[%emt 0:00:03]} b1=Q {[%emt 0:00:04]} 57. c7 {[%emt 0:00:01]} Qc2 {[%emt 0:00:02] Luroe12 resigns} 0-1

[Event "OEISM 0818 BLMM"]
[Site "austriablmm"]
[Date "2020.12.12"]
[Round "6"]
[White "Leefke Giselbrecht"]
[Black "Alexander Hörfarter"]
[Result "0-1"]
[WhiteElo "1453"]
[BlackElo "1356"]
[Annotator "NA RC"]
[PlyCount "82"]
[EventDate "2020.12.12"]
[EventType "blitz"]

1. e4 {[%emt 0:00:03]} e5 {[%emt 0:00:02]} 2. Bc4 {[%emt 0:00:03]} Bc5 {[%emt 0:00:02]} 3. Nf3 {[%emt 0:00:04]} Nf6 {[%emt 0:00:05]} 4. d3 {[%emt 0:00:05]} d6 {[%emt 0:00:02]} 5. O-O {[%emt 0:00:05]} O-O {[%emt 0:00:08]} 6. c3 {[%emt 0:00:08]} c6 {[%emt 0:00:03]} 7. Nbd2 {[%emt 0:00:10]} Nbd7 {[%emt 0:00:05]} 8. Re1 {[%emt 0:00:03]} Re8 {[%emt 0:00:04]} 9. Nf1 {[%emt 0:00:03]} Nf8 {[%emt 0:00:10]} 10. Ng3 {[%emt 0:00:07]} Ng6 {[%emt 0:00:06]} 11. d4 {[%emt 0:00:13]} exd4 {[%emt 0:00:09]} 12. cxd4 {[%emt 0:00:03]} Bb6 {[%emt 0:00:04]} 13. Qb3 {[%emt 0:01:40]} d5 {[%emt 0:00:14]} 14. exd5 {[%emt 0:00:15]} cxd5 {[%emt 0:00:02]} 15. Rxe8+ {[%emt 0:00:18]} Qxe8 {[%emt 0:00:05]} 16. Bxd5 {[%emt 0:00:05]} Nxd5 {[%emt 0:00:03]} 17. Qxd5 {[%emt 0:00:03]} Bg4 {[%emt 0:00:12]} 18. Be3 {[%emt 0:00:16]} Bxf3 {[%emt 0:00:04]} 19. Qxf3 {[%emt 0:00:02]} Qb5 {[%emt 0:00:06]} 20. Rb1 {[%emt 0:00:08]} Qa5 {[%emt 0:00:03]} 21. a3 {[%emt 0:00:04]} Qa4 {[%emt 0:00:08]} 22. Qxb7 {[%emt 0:00:07]} Rd8 {[%emt 0:00:08]} 23. Nf5 {[%emt 0:00:56]} Qc2 {[%emt 0:00:24]} 24. Rc1 {[%emt 0:00:26]} Qxf5 {[%emt 0:00:08]} 25. h3 {[%emt 0:00:14]} h6 {[%emt 0:00:04]} 26. Qc6 {[%emt 0:00:35]} Qd7 {[%emt 0:00:05]} 27. Qc4 {[%emt 0:00:09]} Ne7 {[%emt 0:00:13]} 28. Rd1 {[%emt 0:00:24]} Qc8 {[%emt 0:00:18]} 29. Qb4 {[%emt 0:00:08]} Nd5 {[%emt 0:00:16]} 30. Qb3 {[%emt 0:00:12]} Nxe3 {[%emt 0:00:06]} 31. Qxe3 {[%emt 0:00:02]} Qc4 {[%emt 0:00:09]} 32. Qf3 {[%emt 0:00:19]} Rxd4 {[%emt 0:00:08]} 33. Rxd4 {[%emt 0:00:16]} Qxd4 {[%emt 0:00:41]} 34. Qa8+ {[%emt 0:00:08]} Kh7 {[%emt 0:00:03]} 35. Qf3 {[%emt 0:00:06]} f6 {[%emt 0:00:09]} 36. Qf5+ {[%emt 0:00:05]} Kh8 {[%emt 0:00:06]} 37. Qc8+ {[%emt 0:00:02]} Kh7 {[%emt 0:00:02]} 38. Qf5+ {[%emt 0:00:02]} g6 {[%emt 0:00:02] Leefke Giselbrecht reconnected.} 39. Qe6 {[%emt 0:00:17]} Qxf2+ {[%emt 0:00:05]} 40. Kh2 {[%emt 0:00:04]} Bc7+ {[%emt 0:00:03]} 41. Kh1 {[%emt 0:00:03]} Qf1# {[%emt 0:00:03] Mate Mate} 0-1